| 000 | 00569nam a2200217 4500 | ||
|---|---|---|---|
| 999 |
_c491 _d491 |
||
| 001 | 1527310 | ||
| 003 | OSt | ||
| 005 | 20180818110758.0 | ||
| 008 | 00026401975 ilu 000 0 eng | ||
| 010 | _a74029650 | ||
| 040 |
_aDLC _cDLC _dm/c _dATH |
||
| 050 | 0 |
_aBV4501.2 _b.O725 |
|
| 082 |
_a230 _bO775D |
||
| 090 |
_aBV4501.2 _b.O725 1975 |
||
| 100 | 1 |
_aOrtiz, Juan Carlos, _d1934- |
|
| 245 | 1 | 0 |
_aDisciple / _cby Juan Carlos Ortiz. |
| 260 |
_aCarol Stream, Ill. : _bCreation House, _c[1975] |
||
| 300 |
_a158 p. ; _c23 cm. |
||
| 650 | 0 | _aChristian life. | |
| 942 |
_2ddc _cBK |
||